al-ʻĀlam al-ʻArabī : maqālāt wa-buḥūth fī baʻḍ shuʼūnihi al-siyāsīyah wa-al-ʻilmīyah.
Corporate Author:
Format: Book
Language: Arabic
Published:
al-Qāhirah :
Maṭbaʻat Lajnat al-Taʼlīf wa-al-Tarjamah wa-al-Nashr,
1949-1953.
Subjects:
Tags: Add Tag
Call Number: DS42.4 .A32 v.1-2
| LEADER | 01205nam a2200241Ia 4500 | ||
|---|---|---|---|
| 003 | OSt | ||
| 005 | 20230328085625.0 | ||
| 008 | 130303m19491953ua 000 0 ara d | ||
| 952 | |0 0 |1 0 |2 lcc |3 V.1 |4 0 |6 DS00424 A32 V.00001-00002 |7 1 |9 45848 |a ARCE |b ARCE |d 2023-03-28 |l 0 |o DS42.4 .A32 v.1-2 |p 1025254 |r 2023-03-28 00:00:00 |w 2023-03-28 |y BK | ||
| 952 | |0 0 |1 0 |2 lcc |3 V.2 |4 0 |6 DS00424 A32 V.00001-00002 |7 1 |9 63773 |a ARCE |b ARCE |d 2024-03-03 |l 0 |o DS42.4 .A32 v.1-2 |p 1025255 |r 2024-03-03 00:00:00 |w 2024-03-03 |y BK | ||
| 999 | |c 26146 |d 26146 | ||
| 040 | |c ARCE Library | ||
| 043 | |a ma----- | ||
| 050 | 4 | |a DS42.4 .A32 v.1-2 | |
| 245 | 1 | 3 | |6 880-02 |a al-ʻĀlam al-ʻArabī : |b maqālāt wa-buḥūth fī baʻḍ shuʼūnihi al-siyāsīyah wa-al-ʻilmīyah. |
| 264 | 1 | |a al-Qāhirah : |b Maṭbaʻat Lajnat al-Taʼlīf wa-al-Tarjamah wa-al-Nashr, |c 1949-1953. | |
| 300 | |a 2 volumes ; |c 25 cm. | ||
| 651 | 0 | |a Arab countries |x Intellectual life. | |
| 651 | 0 | |a Arab countries |x Politics and government. | |
| 710 | 2 | |a League of Arab States. |b Idārah al-Thaqāfīyah. | |
| 880 | 1 | 2 | |6 245-02/(3/r |a العالم العربي : |b مقالات و بحوث في بعض شئونه السياسية و العلمية |
| 901 | |a reviewed | ||
| 942 | |c BK |2 lcc | ||
